Groupes politiques à la Chambres des représentants de Belgique - Statistiques

Statistiques générales
  • Ce quiz a été pris 12 fois
  • Le résultat moyen est 7 sur 11
Statistiques - réponses
Députés Groupe % Correct
23 Nieuw-Vlaamse Alliantie
100%
18 Mouvement réformateur
82%
16 Parti socialiste
82%
20 Vlaams Belang
73%
9 Ecolo/Groen
64%
15 PTB/PVDA
64%
11 Christen-Democratisch en Vlaams
55%
1 Démocrate fédéraliste indépendant
55%
15 Les Engagés
45%
13 Vooruit
45%
8 Open Vlaamse Liberalen en Democraten
36%
Aucun quiz correspondant
Distribution des résultats
% des personnes avec chaque résultat
Percentile par nombre de réponses
Votre historique - résultats
Vous n’avez pas pris ce quiz